{"text_format":"3","workbook":"xls","n_sheets":1,"sheets":["Suministro_ExistenciaConPrecio_"],"not_rendered":{"images":1,"external_links":1,"defined_names":1},"read":"whole","date_system":"1900","formulas":"cached_only"}

{"sheet":"Suministro_ExistenciaConPrecio_","index":0,"n_rows":252,"n_cols":10,"rows_kept":252,"merged":[[0,0,3,1],[0,2,0,10],[2,2,2,10],[6,0,7,5],[7,8,8,9],[9,8,11,9],[10,0,10,5],[13,1,13,11],[14,1,14,2],[14,5,14,6],[14,7,14,8],[14,9,14,11],[15,1,15,2],[15,5,15,6],[15,7,15,8],[15,9,15,11],[16,1,16,2],[16,5,16,6],[16,7,16,8],[16,9,16,11],[17,1,17,2],[17,5,17,6],[17,7,17,8],[17,9,17,11],[18,1,18,2],[18,5,18,6],[18,7,18,8],[18,9,18,11],[19,1,19,2],[19,5,19,6],[19,7,19,8],[19,9,19,11],[20,1,20,2],[20,5,20,6],[20,7,20,8],[20,9,20,11],[21,1,21,2],[21,5,21,6],[21,7,21,8],[21,9,21,11],[22,1,22,2],[22,5,22,6],[22,7,22,8],[22,9,22,11],[23,1,23,2],[23,5,23,6],[23,7,23,8],[23,9,23,11],[24,1,24,2],[24,5,24,6],[24,7,24,8],[24,9,24,11],[25,1,25,2],[25,5,25,6],[25,7,25,8],[25,9,25,11],[26,1,26,2],[26,5,26,6],[26,7,26,8],[26,9,26,11],[27,1,27,2],[27,5,27,6],[27,7,27,8],[27,9,27,11],[28,1,28,2],[28,5,28,6],[28,7,28,8],[28,9,28,11],[29,1,29,2],[29,5,29,6],[29,7,29,8],[29,9,29,11],[30,1,30,2],[30,5,30,6],[30,7,30,8],[30,9,30,11],[31,1,31,2],[31,5,31,6],[31,7,31,8],[31,9,31,11],[32,1,32,2],[32,5,32,6],[32,7,32,8],[32,9,32,11],[33,1,33,2],[33,5,33,6],[33,7,33,8],[33,9,33,11],[34,1,34,2],[34,5,34,6],[34,7,34,8],[34,9,34,11],[35,1,35,2],[35,5,35,6],[35,7,35,8],[35,9,35,11],[36,1,36,2],[36,5,36,6],[36,7,36,8],[36,9,36,11],[37,1,37,2],[37,5,37,6],[37,7,37,8],[37,9,37,11],[38,1,38,2],[38,5,38,6],[38,7,38,8],[38,9,38,11],[39,1,39,2],[39,5,39,6],[39,7,39,8],[39,9,39,11],[40,1,40,2],[40,5,40,6],[40,7,40,8],[40,9,40,11],[41,1,41,2],[41,5,41,6],[41,7,41,8],[41,9,41,11],[42,1,42,2],[42,5,42,6],[42,7,42,8],[42,9,42,11],[43,1,43,2],[43,5,43,6],[43,7,43,8],[43,9,43,11],[44,1,44,2],[44,5,44,6],[44,7,44,8],[44,9,44,11],[45,1,45,2],[45,5,45,6],[45,7,45,8],[45,9,45,11],[46,1,46,2],[46,5,46,6],[46,7,46,8],[46,9,46,11],[47,1,47,2],[47,5,47,6],[47,7,47,8],[47,9,47,11],[48,1,48,2],[48,5,48,6],[48,7,48,8],[48,9,48,11],[49,1,49,2],[49,5,49,6],[49,7,49,8],[49,9,49,11],[50,1,50,2],[50,5,50,6],[50,7,50,8],[50,9,50,11],[51,1,51,2],[51,5,51,6],[51,7,51,8],[51,9,51,11],[52,1,52,2],[52,5,52,6],[52,7,52,8],[52,9,52,11],[53,1,53,2],[53,5,53,6],[53,7,53,8],[53,9,53,11],[54,1,54,2],[54,5,54,6],[54,7,54,8],[54,9,54,11],[55,1,55,2],[55,5,55,6],[55,7,55,8],[55,9,55,11],[56,1,56,2],[56,5,56,6],[56,7,56,8],[56,9,56,11],[57,1,57,2],[57,5,57,6],[57,7,57,8],[57,9,57,11],[58,1,58,2],[58,5,58,6],[58,7,58,8],[58,9,58,11],[59,1,59,2],[59,5,59,6],[59,7,59,8],[59,9,59,11],[60,1,60,2],[60,5,60,6],[60,7,60,8],[60,9,60,11],[61,1,61,2],[61,5,61,6],[61,7,61,8],[61,9,61,11],[62,1,62,2],[62,5,62,6],[62,7,62,8],[62,9,62,11],[63,1,63,2],[63,5,63,6],[63,7,63,8],[63,9,63,11],[64,1,64,2],[64,5,64,6],[64,7,64,8],[64,9,64,11],[65,1,65,2],[65,5,65,6],[65,7,65,8],[65,9,65,11],[66,1,66,2],[66,5,66,6],[66,7,66,8],[66,9,66,11],[67,1,67,2],[67,5,67,6],[67,7,67,8],[67,9,67,11],[68,1,68,2],[68,5,68,6],[68,7,68,8],[68,9,68,11],[69,1,69,2],[69,5,69,6],[69,7,69,8],[69,9,69,11],[70,1,70,2],[70,5,70,6],[70,7,70,8],[70,9,70,11],[71,1,71,2],[71,5,71,6],[71,7,71,8],[71,9,71,11],[72,1,72,2],[72,5,72,6],[72,7,72,8],[72,9,72,11],[73,1,73,2],[73,5,73,6],[73,7,73,8],[73,9,73,11],[74,1,74,2],[74,5,74,6],[74,7,74,8],[74,9,74,11],[75,1,75,2],[75,5,75,6],[75,7,75,8],[75,9,75,11],[76,1,76,2],[76,5,76,6],[76,7,76,8],[76,9,76,11],[77,1,77,2],[77,5,77,6],[77,7,77,8],[77,9,77,11],[78,1,78,2],[78,5,78,6],[78,7,78,8],[78,9,78,11],[79,1,79,2],[79,5,79,6],[79,7,79,8],[79,9,79,11],[80,1,80,2],[80,5,80,6],[80,7,80,8],[80,9,80,11],[81,1,81,2],[81,5,81,6],[81,7,81,8],[81,9,81,11],[82,1,82,2],[82,5,82,6],[82,7,82,8],[82,9,82,11],[83,1,83,2],[83,5,83,6],[83,7,83,8],[83,9,83,11],[84,1,84,2],[84,5,84,6],[84,7,84,8],[84,9,84,11],[85,1,85,2],[85,5,85,6],[85,7,85,8],[85,9,85,11],[86,1,86,2],[86,5,86,6],[86,7,86,8],[86,9,86,11],[87,1,87,2],[87,5,87,6],[87,7,87,8],[87,9,87,11],[88,1,88,2],[88,5,88,6],[88,7,88,8],[88,9,88,11],[89,1,89,2],[89,5,89,6],[89,7,89,8],[89,9,89,11],[90,1,90,2],[90,5,90,6],[90,7,90,8],[90,9,90,11],[91,1,91,2],[91,5,91,6],[91,7,91,8],[91,9,91,11],[92,1,92,2],[92,5,92,6],[92,7,92,8],[92,9,92,11],[93,1,93,2],[93,5,93,6],[93,7,93,8],[93,9,93,11],[94,1,94,2],[94,5,94,6],[94,7,94,8],[94,9,94,11],[95,1,95,2],[95,5,95,6],[95,7,95,8],[95,9,95,11],[96,1,96,2],[96,5,96,6],[96,7,96,8],[96,9,96,11],[97,1,97,2],[97,5,97,6],[97,7,97,8],[97,9,97,11],[98,1,98,2],[98,5,98,6],[98,7,98,8],[98,9,98,11],[99,1,99,2],[99,5,99,6],[99,7,99,8],[99,9,99,11],[100,1,100,2],[100,5,100,6],[100,7,100,8],[100,9,100,11],[101,1,101,2],[101,5,101,6],[101,7,101,8],[101,9,101,11],[102,1,102,2],[102,5,102,6],[102,7,102,8],[102,9,102,11],[103,1,103,2],[103,5,103,6],[103,7,103,8],[103,9,103,11],[104,1,104,2],[104,5,104,6],[104,7,104,8],[104,9,104,11],[105,1,105,2],[105,5,105,6],[105,7,105,8],[105,9,105,11],[106,1,106,2],[106,5,106,6],[106,7,106,8],[106,9,106,11],[107,1,107,2],[107,5,107,6],[107,7,107,8],[107,9,107,11],[108,1,108,2],[108,5,108,6],[108,7,108,8],[108,9,108,11],[109,1,109,2],[109,5,109,6],[109,7,109,8],[109,9,109,11],[110,1,110,2],[110,5,110,6],[110,7,110,8],[110,9,110,11],[111,1,111,2],[111,5,111,6],[111,7,111,8],[111,9,111,11],[112,1,112,2],[112,5,112,6],[112,7,112,8],[112,9,112,11],[113,1,113,2],[113,5,113,6],[113,7,113,8],[113,9,113,11],[114,1,114,2],[114,5,114,6],[114,7,114,8],[114,9,114,11],[115,1,115,2],[115,5,115,6],[115,7,115,8],[115,9,115,11],[116,1,116,2],[116,5,116,6],[116,7,116,8],[116,9,116,11],[117,1,117,2],[117,5,117,6],[117,7,117,8],[117,9,117,11],[118,1,118,2],[118,5,118,6],[118,7,118,8],[118,9,118,11],[119,1,119,2],[119,5,119,6],[119,7,119,8],[119,9,119,11],[120,1,120,2],[120,5,120,6],[120,7,120,8],[120,9,120,11],[121,1,121,2],[121,5,121,6],[121,7,121,8],[121,9,121,11],[122,1,122,2],[122,5,122,6],[122,7,122,8],[122,9,122,11],[123,1,123,2],[123,5,123,6],[123,7,123,8],[123,9,123,11],[124,1,124,2],[124,5,124,6],[124,7,124,8],[124,9,124,11],[125,1,125,2],[125,5,125,6],[125,7,125,8],[125,9,125,11],[126,1,126,2],[126,5,126,6],[126,7,126,8],[126,9,126,11],[127,1,127,2],[127,5,127,6],[127,7,127,8],[127,9,127,11],[128,1,128,2],[128,5,128,6],[128,7,128,8],[128,9,128,11],[129,1,129,2],[129,5,129,6],[129,7,129,8],[129,9,129,11],[130,1,130,2],[130,5,130,6],[130,7,130,8],[130,9,130,11],[131,1,131,2],[131,5,131,6],[131,7,131,8],[131,9,131,11],[132,1,132,2],[132,5,132,6],[132,7,132,8],[132,9,132,11],[133,1,133,2],[133,5,133,6],[133,7,133,8],[133,9,133,11],[134,1,134,2],[134,5,134,6],[134,7,134,8],[134,9,134,11],[135,1,135,2],[135,5,135,6],[135,7,135,8],[135,9,135,11],[136,1,136,2],[136,5,136,6],[136,7,136,8],[136,9,136,11],[137,1,137,2],[137,5,137,6],[137,7,137,8],[137,9,137,11],[138,1,138,2],[138,5,138,6],[138,7,138,8],[138,9,138,11],[139,1,139,2],[139,5,139,6],[139,7,139,8],[139,9,139,11],[140,1,140,2],[140,5,140,6],[140,7,140,8],[140,9,140,11],[141,1,141,2],[141,5,141,6],[141,7,141,8],[141,9,141,11],[142,1,142,2],[142,5,142,6],[142,7,142,8],[142,9,142,11],[143,1,143,2],[143,5,143,6],[143,7,143,8],[143,9,143,11],[144,1,144,2],[144,5,144,6],[144,7,144,8],[144,9,144,11],[145,1,145,2],[145,5,145,6],[145,7,145,8],[145,9,145,11],[146,1,146,2],[146,5,146,6],[146,7,146,8],[146,9,146,11],[147,1,147,2],[147,5,147,6],[147,7,147,8],[147,9,147,11],[148,1,148,2],[148,5,148,6],[148,7,148,8],[148,9,148,11],[149,1,149,2],[149,5,149,6],[149,7,149,8],[149,9,149,11],[150,1,150,2],[150,5,150,6],[150,7,150,8],[150,9,150,11],[151,1,151,2],[151,5,151,6],[151,7,151,8],[151,9,151,11],[152,1,152,2],[152,5,152,6],[152,7,152,8],[152,9,152,11],[153,1,153,2],[153,5,153,6],[153,7,153,8],[153,9,153,11],[154,1,154,2],[154,5,154,6],[154,7,154,8],[154,9,154,11],[155,1,155,2],[155,5,155,6],[155,7,155,8],[155,9,155,11],[156,1,156,2],[156,5,156,6],[156,7,156,8],[156,9,156,11],[157,1,157,2],[157,5,157,6],[157,7,157,8],[157,9,157,11],[158,1,158,2],[158,5,158,6],[158,7,158,8],[158,9,158,11],[159,1,159,2],[159,5,159,6],[159,7,159,8],[159,9,159,11],[160,1,160,2],[160,5,160,6],[160,7,160,8],[160,9,160,11],[161,1,161,2],[161,5,161,6],[161,7,161,8],[161,9,161,11],[162,1,162,2],[162,5,162,6],[162,7,162,8],[162,9,162,11],[163,1,163,2],[163,5,163,6],[163,7,163,8],[163,9,163,11],[164,1,164,2],[164,5,164,6],[164,7,164,8],[164,9,164,11],[165,1,165,2],[165,5,165,6],[165,7,165,8],[165,9,165,11],[166,1,166,2],[166,5,166,6],[166,7,166,8],[166,9,166,11],[167,1,167,2],[167,5,167,6],[167,7,167,8],[167,9,167,11],[168,1,168,2],[168,5,168,6],[168,7,168,8],[168,9,168,11],[169,1,169,2],[169,5,169,6],[169,7,169,8],[169,9,169,11],[170,1,170,2],[170,5,170,6],[170,7,170,8],[170,9,170,11],[171,1,171,2],[171,5,171,6],[171,7,171,8],[171,9,171,11],[172,1,172,2],[172,5,172,6],[172,7,172,8],[172,9,172,11],[173,1,173,2],[173,5,173,6],[173,7,173,8],[173,9,173,11],[174,1,174,2],[174,5,174,6],[174,7,174,8],[174,9,174,11],[175,1,175,2],[175,5,175,6],[175,7,175,8],[175,9,175,11],[176,1,176,2],[176,5,176,6],[176,7,176,8],[176,9,176,11],[177,1,177,2],[177,5,177,6],[177,7,177,8],[177,9,177,11],[178,1,178,2],[178,5,178,6],[178,7,178,8],[178,9,178,11],[179,1,179,2],[179,5,179,6],[179,7,179,8],[179,9,179,11],[180,1,180,2],[180,5,180,6],[180,7,180,8],[180,9,180,11],[181,1,181,2],[181,5,181,6],[181,7,181,8],[181,9,181,11],[182,1,182,2],[182,5,182,6],[182,7,182,8],[182,9,182,11],[183,1,183,2],[183,5,183,6],[183,7,183,8],[183,9,183,11],[184,1,184,2],[184,5,184,6],[184,7,184,8],[184,9,184,11],[185,1,185,2],[185,5,185,6],[185,7,185,8],[185,9,185,11],[186,1,186,2],[186,5,186,6],[186,7,186,8],[186,9,186,11],[187,1,187,2],[187,5,187,6],[187,7,187,8],[187,9,187,11],[188,1,188,2],[188,5,188,6],[188,7,188,8],[188,9,188,11],[189,1,189,2],[189,5,189,6],[189,7,189,8],[189,9,189,11],[190,1,190,2],[190,5,190,6],[190,7,190,8],[190,9,190,11],[191,1,191,2],[191,5,191,6],[191,7,191,8],[191,9,191,11],[192,1,192,2],[192,5,192,6],[192,7,192,8],[192,9,192,11],[193,1,193,2],[193,5,193,6],[193,7,193,8],[193,9,193,11],[194,1,194,2],[194,5,194,6],[194,7,194,8],[194,9,194,11],[195,1,195,2],[195,5,195,6],[195,7,195,8],[195,9,195,11],[196,1,196,2],[196,5,196,6],[196,7,196,8],[196,9,196,11],[197,1,197,2],[197,5,197,6],[197,7,197,8],[197,9,197,11],[198,1,198,2],[198,5,198,6],[198,7,198,8],[198,9,198,11],[199,1,199,2],[199,5,199,6],[199,7,199,8],[199,9,199,11],[200,1,200,2],[200,5,200,6],[200,7,200,8],[200,9,200,11],[201,1,201,2],[201,5,201,6],[201,7,201,8],[201,9,201,11],[202,1,202,2],[202,5,202,6],[202,7,202,8],[202,9,202,11],[203,1,203,2],[203,5,203,6],[203,7,203,8],[203,9,203,11],[204,1,204,2],[204,5,204,6],[204,7,204,8],[204,9,204,11],[205,1,205,2],[205,5,205,6],[205,7,205,8],[205,9,205,11],[206,1,206,2],[206,5,206,6],[206,7,206,8],[206,9,206,11],[207,1,207,2],[207,5,207,6],[207,7,207,8],[207,9,207,11],[208,1,208,2],[208,5,208,6],[208,7,208,8],[208,9,208,11],[209,1,209,2],[209,5,209,6],[209,7,209,8],[209,9,209,11],[210,1,210,2],[210,5,210,6],[210,7,210,8],[210,9,210,11],[211,1,211,2],[211,5,211,6],[211,7,211,8],[211,9,211,11],[212,1,212,2],[212,5,212,6],[212,7,212,8],[212,9,212,11],[213,1,213,2],[213,5,213,6],[213,7,213,8],[213,9,213,11],[214,1,214,2],[214,5,214,6],[214,7,214,8],[214,9,214,11],[215,1,215,2],[215,5,215,6],[215,7,215,8],[215,9,215,11],[216,1,216,2],[216,5,216,6],[216,7,216,8],[216,9,216,11],[217,1,217,2],[217,5,217,6],[217,7,217,8],[217,9,217,11],[218,1,218,2],[218,5,218,6],[218,7,218,8],[218,9,218,11],[219,1,219,2],[219,5,219,6],[219,7,219,8],[219,9,219,11],[220,1,220,2],[220,5,220,6],[220,7,220,8],[220,9,220,11],[221,1,221,2],[221,5,221,6],[221,7,221,8],[221,9,221,11],[222,1,222,2],[222,5,222,6],[222,7,222,8],[222,9,222,11],[223,1,223,2],[223,5,223,6],[223,7,223,8],[223,9,223,11],[224,1,224,2],[224,5,224,6],[224,7,224,8],[224,9,224,11],[225,1,225,2],[225,5,225,6],[225,7,225,8],[225,9,225,11],[226,1,226,2],[226,5,226,6],[226,7,226,8],[226,9,226,11],[227,1,227,2],[227,5,227,6],[227,7,227,8],[227,9,227,11],[228,1,228,2],[228,5,228,6],[228,7,228,8],[228,9,228,11],[229,1,229,2],[229,5,229,6],[229,7,229,8],[229,9,229,11],[230,1,230,2],[230,5,230,6],[230,7,230,8],[230,9,230,11],[231,1,231,2],[231,5,231,6],[231,7,231,8],[231,9,231,11],[232,1,232,2],[232,5,232,6],[232,7,232,8],[232,9,232,11],[233,1,233,2],[233,5,233,6],[233,7,233,8],[233,9,233,11],[234,1,234,2],[234,5,234,6],[234,7,234,8],[234,9,234,11],[235,1,235,2],[235,5,235,6],[235,7,235,8],[235,9,235,11],[236,1,236,2],[236,5,236,6],[236,7,236,8],[236,9,236,11],[237,1,237,2],[237,5,237,6],[237,7,237,8],[237,9,237,11],[238,1,238,2],[238,5,238,6],[238,7,238,8],[238,9,238,11],[239,1,239,2],[239,5,239,6],[239,7,239,8],[239,9,239,11],[240,1,240,2],[240,5,240,6],[240,7,240,8],[240,9,240,11],[241,1,241,2],[241,5,241,6],[241,7,241,8],[241,9,241,11],[242,1,242,2],[242,5,242,6],[242,7,242,8],[242,9,242,11],[243,1,243,2],[243,5,243,6],[243,7,243,8],[243,9,243,11],[244,1,244,2],[244,5,244,6],[244,7,244,8],[244,9,244,11],[245,1,245,2],[245,5,245,6],[245,7,245,8],[245,9,245,11],[246,1,246,2],[246,5,246,6],[246,7,246,8],[246,9,246,11],[247,1,247,2],[247,5,247,6],[247,7,247,8],[247,9,247,11],[248,1,248,2],[248,5,248,6],[248,7,248,8],[248,9,248,11],[249,1,249,2],[249,5,249,8],[249,9,249,11],[250,1,250,2],[250,5,250,6],[250,7,250,8],[250,9,250,11],[251,1,251,2],[251,5,251,11]],"flags":["formulas_cached_only"]}
[null,null,"Ave. Cayetano Germosén, Esq. Ave. Gregorio Luperón, El Pedregal, Santo Domingo, República Dominicana. Código postal: 02487 •Tels.: 809-567-4300 / 809-807-1116 • www.ambiente.gob.do\n"]
[]
[null,null,"\"Año del Fomento de las Exportaciones\""]
[]
[]
[]
["CAPITULO: 0218 - MINISTERIO DE MEDIO AMBIENTE Y RECURSOS NATURALES"]
[{"$nulls":8},"DAF: 000-01"]
[]
[{"$nulls":8},"UE: 0-1"]
["SUBCAPITULO: 01"]
[]
[]
[null," SUMINISTRO: INVENTARIO ACTUAL POR OBJETAL AL (06/03/2018)"]
["Codigo","Fecha Recepcion y Adquisición",null,"Descripción","Unidad de Medida","Cantidad",null,"Precio",null,"Monto"]
["42151601201","2017-08-21",null,"Abrazadera","Unidad",9,null,6.5,null,58.5]
["27112103204","2017-06-14",null,"ABRAZADERA 3/4","Unidad",582,null,13.5,null,7857]
["27112103201","2017-12-18",null,"ABRAZADERA DE 1/2","Unidad",1067,null,9.5,null,10136.5]
["52151605201","2017-02-03",null,"ABRIDOR DE LATAS","Unidad",48,null,186,null,8928]
["15121501201","2301-07-24",null,"ACEITE DE 2 TIEMPOS","1/4 Galon",1,null,1800,null,1800]
["15121501203","2301-07-24",null,"ACEITE DE 4 TIEMPOS","1/4 Galon",18,null,1950,null,35100]
["15121504203","2301-07-24",null,"ACEITE PARA GUIA","1/4 Galon",3,null,250,null,750]
["15121504202","2016-07-11",null,"ACEITE PARA TRANSMISION AUT.","1/4 Galon",24,null,1,null,24]
["47131831201","2017-10-27",null,"ACIDO MURIATICO (DETERGENTE)","Unidad",119,null,1000,null,119000]
["60131002204","2017-08-31",null,"ACORDEON 5.25 X 13.5","Unidad",50,null,350,null,17500]
["60131002203","2015-01-16",null,"ACORDEON 7 X 17.8","Unidad",15,null,350,null,5250]
["60131002201","2018-03-05",null,"ACORDEON 8 1/2 X 11","Unidad",93,null,323.58,null,30092.94]
["60131002207","2017-11-08",null,"Acordeon 8 1/2 x 13","Unidad",100,null,350,null,35000]
["52121505201","2016-07-15",null,"ALMOHADAS DE GOMA","Unidad",17,null,275,null,4675]
["44121905201","2017-11-22",null,"ALMOHADILLA","Unidad",226,null,280,null,63280]
["47131706202","2018-03-28",null,"Ambientador","Unidad",31,null,62.75,null,1945.25]
["44122117205","2017-12-04",null,"ANILLAS P/ENCUADERNAR 08MM","Unidad",868,null,20,null,17360]
["44122117204","2018-03-05",null,"ANILLAS P/ENCUADERNAR 10MM","Unidad",499,null,20,null,9980]
["44122117203","2018-03-05",null,"ANILLAS P/ENCUADERNAR 12MM","Unidad",371,null,20,null,7420]
["44122117202","2018-03-05",null,"ANILLAS P/ENCUADERNAR 19MM","Unidad",225,null,25,null,5625]
["44122117206","2017-12-04",null,"ANILLAS P/ENCUADERNAR 6MM","Unidad",1864,null,20,null,37280]
["50161509202","2301-07-24",null,"AZUCAR","Libra",675,null,30,null,20250]
["44111503201","2018-02-19",null,"Bandeja de correspondencia","Unidad",245,null,288.75,null,70743.75]
["55121706202","2018-02-26",null,"Bandera Nacional","Unidad",31,null,900,null,27900]
["44121701202","2018-03-28",null,"BOLIGRAFO AZUL","Caja (20 Uds.)",1457,null,8.25,null,12020.25]
["44121701201","2018-03-05",null,"BOLIGRAFO NEGRO","Caja (12 Uds.)",472,null,8.25,null,3894]
["44121701208","2018-03-05",null,"BOLIGRAFO ROJO","Unidad",727,null,40,null,29080]
["44121701209","2018-01-10",null,"BOLIGRAFO VERDE","Caja",63,null,9,null,567]
["44121804201","2017-11-07",null,"BORRADOR DE PIZARRA","Unidad",108,null,19.82,null,2140.56]
["39121303205","2017-08-31",null,"BRACKERS 20 AMP","Unidad",7,null,150,null,1050]
["39121303204","2017-08-31",null,"BRAKER 30 AMPERE 1P 250 W","Unidad",7,null,450,null,3150]
["39121303209","2015-01-16",null,"BRAKER 50 AMP TRIPLE","Unidad",1,null,600,null,600]
["39121311201","2017-12-19",null,"Breaker","Unidad",1,null,246,null,246]
["39121303201","2016-01-14",null,"BRECKER GRUESO DE 20 AMPERES","Unidad",7,null,516.82,null,3617.74]
["47131602201","2018-03-05",null,"Brillo verde","Unidad",2449,null,30,null,73470]
["31211904204","2017-12-19",null,"Brocha de 2 Pulgada","Unidad",23,null,52.53,null,1208.19]
["31211904205","2017-12-19",null,"Brocha de 4 Pulgada","Unidad",11,null,97.07,null,1067.77]
["31211904202","2018-02-19",null,"BROCHAS 3 PULGADAS","Unidad",60,null,110,null,6600]
["50201706202","2301-07-24",null,"Café","Libra",321,null,275,null,88275]
["46171506201","2018-02-12",null,"Caja Chica","Unidad",60,null,550,null,33000]
["43202103201","2016-09-15",null,"Caja para herramientas","Unidad",7,null,2500,null,17500]
["39121303207","2017-08-31",null,"CAJAS ELECTRICA OCTAGONAL","Unidad",75,null,32,null,2400]
["39121303208","2016-07-12",null,"CAJAS ELECTRICAS 4X4","Unidad",18,null,65,null,1170]
["31161805201","2016-03-18",null,"Cajas Rectangulares 2x4 Galvanizadas","Unidad",250,null,31,null,7750]
["44101801202","2018-03-05",null,"Calculadora 12 Digitos, Electrica","Unidad",19,null,450,null,8550]
["56101515205","2015-09-14",null,"CAMA SANDWICH","Unidad",1,null,6925,null,6925]
["43202101202","2018-02-12",null,"CARATULA PARA CD","Unidad",366,null,25,null,9150]
["44122011203","2018-02-21",null,"Carpeta  2\"","Unidad",17,null,227.85,null,3873.45]
["44122011215","2018-02-12",null,"Carpeta 1.5\"","Unidad",20,null,50,null,1000]
["441220112102","2018-02-12",null,"Carpeta 1/2\"","Unidad",13,null,100,null,1300]
["44122011207","2018-02-26",null,"CARPETA CON COVER 3 PULGADA B.","Unidad",311,null,136.8,null,42544.8]
["44122011208","2018-03-05",null,"CARPETA NEGRA DE 1 PULGADA","Unidad",446,null,60,null,26760]
["44103105290","2018-03-05",null,"Cartucho CE 321A","Unidad",46,null,2232.96,null,102716.16]
["44103105261","2018-03-05",null,"CARTUCHO CE322A","Unidad",26,null,2232.96,null,58056.96]
["14111610207","2017-01-16",null,"Cartulina","Docena",50,null,1000,null,50000]
["14111610204","2018-03-06",null,"CARTULINA AMARILLA","Unidad",52,null,5.5,null,286]
["14111610202","2018-03-06",null,"CARTULINA AZUL","Unidad",53,null,5.5,null,291.5]
["14111610203","2018-01-16",null,"CARTULINA BLANCA","Unidad",50,null,5.5,null,275]
["46181704201","2017-10-10",null,"Casco de Seguridad","Unidad",9,null,3557,null,32013]
["43202001201","2018-03-05",null,"CD en Blanco","Caja (10 Uds.)",1495,null,40.5,null,60547.5]
["43201809201","2018-03-05",null,"CD EN BLANCO CON ESTUCHE","Unidad",130,null,15.5,null,2015]
["27111907201","2017-11-01",null,"CEPILLO DE HIERRO","Unidad",5,null,200,null,1000]
["47131605201","2018-02-22",null,"CEPILLO DE PARED","Unidad",116,null,80,null,9280]
["47131605202","2018-02-21",null,"CEPILLO PARA INODORO","Unidad",64,null,90,null,5760]
["12181501201","2018-02-21",null,"CERA PARA DEDO","Unidad",27,null,26,null,702]
["44122106201","2018-02-20",null,"CHINCHETAS","Caja",87,null,25,null,2175]
["31201510201","2018-02-26",null,"Cinta adhesiva 3/4 x36","Unidad",723,null,60,null,43380]
["31201505201","2018-03-05",null,"CINTA ADHESIVA GRANDE","Unidad",241,null,72,null,17352]
["44103101201","2017-08-31",null,"Cinta de Impresora Epsson 015329","Unidad",6,null,1000,null,6000]
["44103112201","2016-01-14",null,"CINTA EPSON 8750","Unidad",6,null,250,null,1500]
["44102606210","2016-07-12",null,"CINTA EPSON 8755","Unidad",84,null,250,null,21000]
["44102606215","2016-01-14",null,"CINTA P/MAQUINA DE ESCRIBIR B. ","Unidad",67,null,35,null,2345]
["44101805201","2017-08-31",null,"CINTA PARA CALCULADORA","Unidad",497,null,38,null,18886]
["44122104210","2018-02-20",null,"CLIP BILLETERO 19MM","Unidad",86,null,20,null,1720]
["44122104209","2018-02-23",null,"CLIP BILLETERO 41MM","Unidad",55,null,60,null,3300]
["44122105204","2018-02-19",null,"CLIP BILLETERO DE 25MM","Caja",85,null,26,null,2210]
["44122105201","2018-03-28",null,"CLIP BILLETERO DE 51MM","Caja",37,null,90,null,3330]
["44122105203","2018-02-01",null,"Clips de Billeteros 32mm","Caja",88,null,35,null,3080]
["44103502204","2018-03-28",null,"Clips Pequeños","Caja ",54,null,8.5,null,459]
["12141901201","2301-07-24",null,"Cloro","Galon",77,null,390,null,30030]
["15121802202","2017-11-07",null,"Coolant","Galon",49,null,97.5,null,4777.5]
["52152104201","2017-12-05",null,"COPAS","Unidad",48,null,1678.13,null,80550.24]
["44111805203","2017-06-06",null,"CURVA EMT","Unidad",179,null,35,null,6265]
["72101606201","2017-08-31",null,"CURVAS PVC 1/2\"","Unidad",87,null,20,null,1740]
["47131805202","2018-03-28",null,"Detergente","Libra",1160,null,30,null,34800]
["43201811202","2018-02-12",null,"DVD R","Unidad",200,null,18,null,3600]
["47131604203","2018-03-28",null,"Escobas Plástica","Unidad",140,null,150,null,21000]
["27111909201","2017-11-01",null,"ESPATULA","Unidad",5,null,115,null,575]
["47131805203","2018-03-05",null,"Espuma de Limpieza","Unidad",364,null,235.2,null,85612.8]
["44101502203","2015-01-16",null,"FAX SHARP UX-P200","Unidad",1,null,3200,null,3200]
["44121701203","2301-07-24",null,"FELPAS AZULES","Caja (12 Uds.)",546,null,17,null,9282]
["44121701204","2018-02-22",null,"FELPAS NEGRA","Unidad",998,null,11,null,10978]
["44121701205","2017-12-04",null,"FELPAS ROJAS","Unidad",673,null,17,null,11441]
["44121701206","2018-01-10",null,"FELPAS VERDE","Caja (12 Uds.)",4,null,17,null,68]
["14111518204","2018-02-12",null,"Ficha Cartulina 3x5","Paquete ",653,null,20,null,13060]
["44122009201","2016-10-20",null,"Fichero Plástico","Unidad",90,null,46.77,null,4209.3]
["40161504202","2017-08-31",null,"Filtro de Aceite","Unidad",93,null,680,null,63240]
["40161505201","2017-08-31",null,"FILTRO DE AIRE","Caja (50 Uds.)",109,null,2295,null,250155]
["25173901201","2017-12-05",null,"Filtro de Gasoil","Unidad",129,null,980,null,126420]
["44122023206","2018-02-15",null,"FOLDER ( 8 1/2 X 13 )","Unidad",9077,null,3.6,null,32677.2]
["44122023205","2018-03-28",null,"FOLDER 81/2 X 11","Unidad",15455,null,1.75,null,27046.25]
["44122023204","2018-01-08",null,"FOLDER CON BOLSILLO AZUL","Unidad",2321.15,null,17,null,39459.55]
["44122023211","2018-02-14",null,"Folder Satinado Blanco","Unidad",2275,null,15.25,null,34693.75]
["14111509215","2018-02-26",null,"FOLDER SATINADO CON BOLSILLO V.","Unidad",3397,null,31.8,null,108024.6]
["14111509213","2018-03-06",null,"FOLDER SATINADO MORADO","Unidad",2200,null,36.6,null,80520]
["52121501201","2017-11-13",null,"Frazada","Unidad",17,null,450,null,7650]
["47121701204","2301-07-24",null,"FUNDAS PARA BASURAS","Paquete  100 ",198,null,609.5,null,120681]
["44111512201","2018-02-26",null,"Ganchos ( macho & hembra)","Caja (50 Uds.)",379,null,52,null,19708]
["44121804204","2018-03-05",null,"Goma de Borrar Pequeña","Caja (40 Uds.)",150,null,8.5,null,1275]
["25171901203","2017-08-25",null,"Gomas 195/70/R14","Unidad",4,null,2966.1,null,11864.4]
["25172504219","2017-02-21",null,"GOMAS 750/R16","Unidad",1,null,6900,null,6900]
["44122107209","2017-12-18",null,"grapa de 5/8","Caja",10,null,1,null,10]
["44122107204","2018-02-26",null,"Grapa standar","Caja",206,null,38.5,null,7931]
["44101707203","2018-03-06",null,"Grapadora 3/8","Unidad",66,null,241.92,null,15966.72]
["44122107208","2018-03-05",null,"grapas de 1/2 Pulgadas","Caja",28,null,40,null,1120]
["42132203202","2018-03-28",null,"Guantes desechables","Caja",48,null,110,null,5280]
["11151704201","2018-02-22",null,"HILO PARA TRIMMER","Yarda",2000,null,13,null,26000]
["10191509203","2018-03-06",null,"Insecticidas","Litro",238,null,125,null,29750]
["47131704202","2301-07-24",null,"Jabon Liquido","Galon",31,null,295,null,9145]
["55121606201","2018-01-05",null,"LABEL PARA CD","Caja",123,null,92.99,null,11437.77]
["44121706201","2018-03-05",null,"lapices","Caja (12 Uds.)",1248,null,33,null,41184]
["52141505201","2018-03-28",null,"Lava platos","Galon",78,null,158,null,12324]
["14111509226","2018-03-28",null,"Libretas Grandes 8 1/2 x 11","Unidad",115,null,19,null,2185]
["14111509217","2018-03-28",null,"LIBRETAS RAYADAS 5X8","Caja",31,null,12,null,372]
["14111509208","2018-03-06",null,"Libro Records (300 páginas)","Unidad",115,null,160,null,18400]
["14111509209","2018-03-28",null,"Libro Records (500 páginas)","Unidad",174,null,210,null,36540]
["12161902201","2017-11-13",null,"LIMPIA CRISTALES","Galon",65,null,89,null,5785]
["44121802202","2018-02-26",null,"Liquido Corrector","Unidad",148,null,30.5,null,4514]
["15121509201","2018-03-28",null,"LIQUIDO DE FRENO","Galon",145,null,120,null,17400]
["44121708209","2018-03-05",null,"MARCADOR GRUESO AZUL","Unidad",853,null,81.86,null,69826.58]
["44121708210","2018-02-26",null,"MARCADOR GRUESO NEGRO","Unidad",839,null,81.86,null,68680.54]
["44121708211","2018-03-05",null,"MARCADORES GRUESOS ROJO","Unidad",994,null,81.86,null,81368.84]
["44121708219","2018-03-05",null,"MARCADORES GRUESOS VERDE","Unidad",1133,null,6,null,6798]
["44121708213","2018-03-05",null,"MARCADORES PARA CD AZUL","Unidad",209,null,20,null,4180]
["44121708214","2018-01-16",null,"MARCADORES PARA PIZARRA AZUL","Unidad",168,null,12.5,null,2100]
["44121708215","2017-11-23",null,"MARCADORES PARA PIZARRA NEGRO","Unidad",432,null,12.5,null,5400]
["44121708216","2018-03-05",null,"MARCADORES PARA PIZARRA ROJO","Unidad",145,null,20,null,2900]
["44121708212","2017-11-02",null,"MARCADORES VERDE PARA CD","Unidad",150,null,30.5,null,4575]
["44121627203","2018-02-23",null,"MARCADORES VERDES","Docena",68,null,81.86,null,5566.48]
["27111508206","2017-06-28",null,"Marco de Segueta","Unidad",7,null,550,null,3850]
["42131606202","2018-02-19",null,"Mascarilla","Docena",485,null,9,null,4365]
["31201522201","2018-02-14",null,"MASQUIN TAPE DE 1 PULGADA","Unidad",12,null,25,null,300]
["31201503202","2018-02-15",null,"Masquing Tape de 2 Pulg","Unidad",38,null,70,null,2660]
["56101519201","2017-12-05",null,"Mesas Plasticas","Unidad",1,null,6426.42,null,6426.42]
["14111507202","2018-03-06",null,"Papel bond 20 ( 8.5 X 14)","Resma (500 )",67,null,157,null,10519]
["14111507203","2018-03-06",null,"Papel bond 20 (8.5 X 13)","Resma (500)",173,null,165,null,28545]
["14121810201","2018-03-28",null,"Papel Carbón","Caja (100)",15,null,150,null,2250]
["14111507206","2018-03-06",null,"Papel en Hilo (8.5 X 11)","Resma (500)",53,null,390,null,20670]
["14111704202","2018-03-28",null,"Papel Higienico (Jumbo)","Unidad",1158,null,25,null,28950]
["14111704203","2018-03-06",null,"Papel Higienico Institucional","Unidad",1080,null,153,null,165240]
["14111515201","2018-03-28",null,"Papel para Sumadora","Docena",1673,null,10.5,null,17566.5]
["14111511202","2018-03-06",null,"PAPEL TIMBRADO","Resma (500.)",295,null,335,null,98825]
["14111703202","2018-03-06",null,"Papel Toalla Rollo Para Cocina","Unidad",535,null,85,null,45475]
["42143509202","2018-03-28",null,"Pegamento UHU- stick 21 grande","Unidad",185,null,85,null,15725]
["44122011211","2018-03-05",null,"Pendaflex ( 8.5 X 11)","Unidad",2300,null,15,null,34500]
["44122011212","2018-03-05",null,"Pendaflex (8.5 X 13)","Unidad",2175,null,20,null,43500]
["12161803202","2018-03-06",null,"PENETRANTES EN AEROSOL","Unidad",77,null,1,null,77]
["45101903201","2018-03-28",null,"Perforadora 2 hoyos","Unidad",21,null,423.73,null,8898.33]
["45101903202","2018-02-26",null,"Perforadora 3 hoyos","Unidad",70,null,744.45,null,52111.5]
["47131830201","2018-01-22",null,"PINESPUMAS","Unidad",398,null,540,null,214920]
["44111906201","2018-01-10",null,"Pizarra","Unidad",9,null,3187.1,null,28683.9]
["44111901201","2018-03-05",null,"PIZARRA DE CORCHO","Unidad",7,null,2400,null,16800]
["11111606203","2018-02-19",null,"PIZARRA DE CORCHO 23X35","Unidad",58,null,2300,null,133400]
["55121617201","2017-11-22",null,"Porta Carnets","Unidad",306,null,26.27,null,8038.62]
["44122104207","2018-03-05",null,"Porta Clips","Unidad",139,null,6.97,null,968.83]
["44121715205","2018-02-19",null,"Porta lapiz","Unidad",114,null,33.72,null,3844.08]
["31211917201","2017-08-31",null,"PORTA ROLO BLANCO DE 4X5","Unidad",10,null,86.2,null,862]
["56101532206","2017-11-07",null,"Portabotellones de agua","Unidad",2,null,2860,null,5720]
["14111509210","2017-11-29",null,"PORTADAS AZULES DE 3 HOYOS DE 3 P.","Unidad",2700,null,20,null,54000]
["14111509212","2018-02-21",null,"PORTADAS PARA ENCUADERNAR P.","Unidad",8838,null,20,null,176760]
["14111509211","2017-06-21",null,"PORTADAS PARA ENCUADERNAR VERDE","Unidad",2700,null,15,null,40500]
["14111530201","2018-03-06",null,"POST IT 2X3","Caja",2187,null,12,null,26244]
["14111530204","2018-03-28",null,"POST-IT 3 X 3","Caja",903,null,12,null,10836]
["14111530205","2018-03-28",null,"POST-IT 3X5","Caja",2140,null,14,null,29960]
["52161511203","2016-01-14",null,"Radio Movil","Unidad",4,null,8925,null,35700]
["44122014201","2017-08-31",null,"Refuerzo Para Hojas","Unidad",30,null,35,null,1050]
["41111604201","2018-03-05",null,"Reglas 12\"","Unidad",60,null,12.6,null,756]
["44121708218","2018-03-05",null,"Resaltador Naranja","Unidad",61,null,114.36,null,6975.96]
["44121708217","2018-02-22",null,"RESALTADOR ROSADO","Unidad",126,null,12.26,null,1544.76]
["44121708220","2018-03-05",null,"Resaltador Verde","Unidad",94,null,20,null,1880]
["44121708203","2018-03-05",null,"RESALTADORES AMARILLO","Unidad",414,null,16.25,null,6727.5]
["14111506202","2018-03-28",null,"RESMAS DE PAPEL BOND 8 1/2 X 11","Unidad",124,null,120,null,14880]
["39111503201","2017-12-19",null,"ROCETA DE PORCELANA","Unidad",96,null,53.61,null,5146.56]
["44103111202","2018-03-05",null,"Roll- tinta Azul","Unidad",261,null,52,null,13572]
["44103111201","2017-12-27",null,"Rolo de Tinta Negra","Unidad",35,null,250,null,8750]
["44103111203","2018-01-11",null,"ROLON DE TINTA VERDE","Unidad",59,null,320,null,18880]
["44122026201","2018-03-06",null,"Sacagrapas","Unidad",15,null,18,null,270]
["44121625202","2018-01-19",null,"SACAPUNTA ELECTRICO","Unidad",29,null,720,null,20880]
["44121625201","2017-12-04",null,"SACAPUNTAS DE HIERRO","Unidad",160,null,21,null,3360]
["14111705203","2018-03-06",null,"SERVILLETAS 500/1","Paquete",2,null,120,null,240]
["56101504207","2015-11-12",null,"SILLA DE GUANO","Unidad",2,null,4200,null,8400]
["44121506207","2018-03-05",null,"SOBRE BLANCO NO.10","Unidad",1535,null,1,null,1535]
["44121506202","2018-01-11",null,"SOBRE DE MANILA 5X8","Unidad",2252,null,10,null,22520]
["44121505201","2018-03-28",null,"Sobre manila ( 9x12)","Caja",496,null,2.75,null,1364]
["44121506213","2018-03-06",null,"Sobre manila (10 X 13)","Unidad",1340,null,2.85,null,3819]
["44121506203","2018-03-05",null,"SOBRE MANILA 10 X 15","Unidad",546,null,4.5,null,2457]
["44121506204","2018-01-16",null,"SOBRE MANILA 14 X 16","Unidad",1930,null,9,null,17370]
["44121506217","2018-02-14",null,"SOBRE MANILA 7X10","Caja",443,null,6,null,2658]
["44121506201","2017-09-05",null,"SOBRE TIMBRADO","Caja",2665,null,2.9,null,7728.5]
["44121506213","2018-03-06",null,"Sobres 9 x 12","Unidad",1340,null,2.85,null,3819]
["44121505221","2018-02-21",null,"SOBRES DE INVITACION","Unidad",1389,null,0.88,null,1222.32]
["44121506215","2018-03-05",null,"Sobres Manila (6x9 )","Unidad",1025,null,1.6,null,1640]
["47121605201","2301-07-24",null,"Suaper","Unidad",84,null,158,null,13272]
["27111704201","2017-06-14",null,"SWICH MACHETE DOBLE","Unidad",7,null,650,null,4550]
["30191502203","2018-03-28",null,"TABLA PARA APOYAR","Unidad",14,null,128.25,null,1795.5]
["30181514201","2018-02-19",null,"TAPA PARA INODORO","Unidad",7,null,650,null,4550]
["31162506202","2016-01-14",null,"TARUGO PLASTICO 1/4¨ *2","Unidad",182,null,2.83,null,515.06]
["31162003204","2016-01-14",null,"TARUGO PLASTICO AZUL 5/6\"X 1\"","Unidad",369,null,25,null,9225]
["30103312201","2016-06-06",null,"Tarugos Verdes","Unidad",1011,null,1.85,null,1870.35]
["44121618201","2018-03-28",null,"TIJERAS","Unidad",32,null,28.5,null,912]
["44103111204","2018-03-05",null,"TINTA P/SELLOS AZUL 35FL","Unidad",130,null,18.86,null,2451.8]
["44121710201","2016-01-14",null,"TIZA VERDE PARA PIZARRA","Caja",144,null,70,null,10080]
["44103103249","2015-01-16",null,"TONER BROTHER TN 110 BK","Unidad",22,null,4500,null,99000]
["44103103302","2017-08-31",null,"TONER BROTHER TN110C","Unidad",38,null,680,null,25840]
["44103103303","2017-08-31",null,"TONER BROTHER TN110M","Unidad",41,null,680,null,27880]
["44103103301","2015-01-16",null,"TONER BROTHER TN110Y","Unidad",40,null,680,null,27200]
["44103103225","2016-08-24",null,"TONER CB541A","Unidad",1,null,4000,null,4000]
["44103103226","2017-08-31",null,"TONER CB542A","Unidad",1,null,4000,null,4000]
["44103103208","2016-08-24",null,"TONER CB543A","Unidad",9,null,3500,null,31500]
["44103105262","2018-03-05",null,"TONER CE 323A","Unidad",37,null,2232.96,null,82619.52]
["44103103227","2018-01-10",null,"TONER HP 6002A","Unidad",35,null,2680.5,null,93817.5]
["44103103310","2018-01-10",null,"TONER HP Q6000A","Unidad",102,null,4500,null,459000]
["44103103235","2018-01-10",null,"TONER HP Q6001A","Unidad",55,null,3049.26,null,167709.3]
["44103103236","2015-01-16",null,"TONER RICOH 1130D","Unidad",13,null,4200,null,54600]
["44103103252","2017-08-31",null,"TONER RICOH 1170D","Unidad",11,null,2715.1,null,29866.1]
["44103103258","2016-01-14",null,"TONER RICOH 2120D","Unidad",4,null,2500,null,10000]
["44103103250","2015-01-16",null,"TONER RICOH 2185","Unidad",19,null,4200,null,79800]
["31231313204","2015-01-16",null,"TUBO PVC SEMIPRESION 3","Unidad",12,null,565,null,6780]
["31231311201","2017-08-31",null,"TUBOS DE HIERRO EMT DE 1/2\"","Unidad",20,null,143,null,2860]
["43211606203","2017-05-24",null,"UPS","Unidad",3,null,1779.66,null,5338.98]
["39121011201","2016-01-14",null,"UPS 500 VA","Unidad",1,null,2200,null,2200]
["52152102202","2018-03-05",null,"Vasos de Vidrio","Unidad",6,null,6100,null,36600]
["52152102201","2018-03-05",null,"VASOS TIPO CONO","Paquete (200 Uds.)",309,null,144,null,44496]
["47131611202","2018-03-05",null,"ZAFACON P/ OFICINA","Unidad",17,null,268.5,null,4564.5]
[{"$nulls":5},"Total RD$",{"$nulls":3},6030819.73]
[]
[{"$nulls":3},"PREPADO POR",null,"AUTORIZADO POR"]